000 00517nam a2200193Ia 4500
001 10720
003 GE_BSU
008 181216s||||||||xx |||||||||||||| ||und||
040 _cGE_BSU
245 _aРеферативный журнал.Биология.№3. 2014
245 _cГл.ред.Петров Р.В.
260 _aМосква
260 _bВинити
260 _c2014
300 _a32стр.30см.
653 _aБиология
653 _aРеферативный журнал.
942 _cCR
999 _c43971
_d43971